Azerbaijan A-Z - Statistics

General Stats
  • This quiz has been taken 27 times
    26 since last reset
  • The average score is 16 of 26
Answer Stats
Hint Answer % Correct
B Capital city Baku
100%
A Neighboring country that fought Azerbaijan over Nagorno-Karabakh Armenia
95%
E Azerbaijan won this international song contest in 2011 Eurovision
95%
F International motorsport event held annually in Baku Formula One
95%
C Sea located between Azerbaijan and Kazakhstan Caspian Sea
90%
R Country to the north Russia
86%
I Dominant religion Islam
81%
J Music genre that was widely popular in Baku during the Soviet era Jazz
81%
T Azerbaijan's closest ally Turkey
81%
U Top investing country in Azerbaijan United Kingdom
76%
W Most popular sport Wrestling
71%
H National animal Karabakh {horse}
67%
Q Most famous football club Qarabağ
67%
G Azerbaijan's second-largest city Ganja
48%
V Azerbaijan is home to nearly half of the world’s mud versions of this Volcano
48%
X Azerbaijani word for aunt Xala
48%
Z Ancient fire-worshipping religion that influenced Azerbaijani culture Zoroastrianism
48%
D Azerbaijani version of "David" Davud
43%
L Second-largest ethnic group Lezgins
43%
O Branches of this tree appear on Azerbaijan’s coat of arms Oak
43%
N Landlocked exclave Nakhchivan
38%
K Longest river Kura
29%
M Oldest structure in Baku's old walled city {Maiden} Tower
29%
S Cultural capital Shusha
29%
Y Folk dance where participants join hands in circles Yalli
29%
P A fruit Goychay is famous for growing Pomegranate
24%
No matching quizzes found
Score Distribution
Percent of People with Each Score
Percentile by Number Answered
Your Score History
You have not taken this quiz since the last reset